Les principales marques de spiritueux - Statistiques

Statistiques générales
  • Ce quiz a été pris 365 fois
    346 depuis la dernière actualisation
  • Le résultat moyen est 8 sur 62
Statistiques - réponses
Marques % Correct
Jack Daniel's
76%
Ricard
74%
Poliakov
61%
Absolut
43%
Pastis 51
33%
Eristoff
30%
Smirnoff
30%
William Peel
27%
Get
22%
J&B
22%
Label 5
21%
Ballantine's
19%
Bacardi
17%
Clan Campbell
17%
Havana Club
16%
3 Rivières
14%
Jameson
14%
Malibu
14%
Old Nick
14%
Chivas Regal
13%
Grant's
13%
Martini
13%
Zubrowska
13%
Charette
12%
San José
12%
Johnnie Walker
11%
Jägermeister
10%
Aberlour
9%
Saint-James
9%
Sobieski
9%
Baileys
7%
Gibson's
7%
Gordon's
7%
Negrita
7%
William Lawson
7%
Anisette
6%
Casanis
6%
Four Roses
6%
Passoa
6%
Sir Edward's
6%
Suze
6%
Dillon
4%
Duval
4%
Glenfiddich
4%
Soho
4%
Apérol
3%
Black & White
3%
Campari
3%
Paddy
3%
Picon
3%
Berger Blanc
2%
Cointreau
2%
Grand Marnier
1%
Jim Bean
1%
Long John
1%
Marie Brizard
1%
Sam Barton
1%
Bardinet
0%
Glen Turner
0%
Old Virginia
0%
Sir Pitterson
0%
Wyborowa
0%
Aucun quiz correspondant
Distribution des résultats
% des personnes avec chaque résultat
Percentile par nombre de réponses
Votre historique - résultats
Vous n’avez pas pris ce quiz depuis la dernière actualisation